000 00467nam a2200193Ia 4500
001 14820
003 GE_BSU
008 181216s||||||||xx |||||||||||||| ||und||
040 _cGE_BSU
080 _a514(075.8)
100 _aАлександров,А.Д. Нецветаев,Н.Ю.
245 _aГеометрия
260 _aМосква
260 _bНаука
260 _c1990
300 _a671стр.20см.
653 _aГеометрия
942 _cBK
999 _c47943
_d47943